01430nam a22002534c 4500003000900000008004100009020001800050040003100068041001900099080001400118100002300132245001600155250002200171264004300193300004100236336002700277337003300304338002800337490002500365520072600390521002501116650002401141650001101165AR-BaSMT260512b2021 aga|||br|||| 00| 1 spa d a9789500761659 aBSGBbespañolcBSGBerda0 aspahespañol a82-34 BER1 aBernasconi, Pablo 13aEl infinito aTercera edición 1aBuenos aires : bSudamericana , c2021 a64 páginas ; bilustraciones color 2rdacontentatextobtxt 2rdamediaasin mediaciónbn 2rdacarrieravolumenbnc aPrimera sudamericana 1a¿Qué es el infinito? ¿Queda lejos o está más cerca de lo que pensamos? Pablo Bernasconi conjuga sus ilustraciones maravillosas con un texto poético que intenta poner palabras a eso que ni los niños ni los grandes pueden realmente abarcar: el infinito. Un libro álbum para leer y atesorar, de una sensibilidad y un refinamiento inolvidables. Del autor de Rebelión en el Tortoni; El sueño del pequeño Capitán Arsenio; El brujo, el horrible y el libro rojo de los hechizos; El diario del Capitán Arsenio; La verdadera explicación; Excesos y exageraciones; y Mentiras y moretones, entre otros.uhttps://www.penguinlibros.com/ar/a-partir-de-9-anos/146242-libro-el-infinito-9789500761659 12/05/2026 aA partir de 8 años 7aLITERATURA INFANTIL 7aCUENTO